| 000 | 00418nam a2200157Ia 4500 | ||
|---|---|---|---|
| 008 | 210210b1997 xxu||||| |||| 00| 0 eng d | ||
| 020 | _a81 230 0566 0 | ||
| 082 | _a050.954 INDI | ||
| 100 | _aINDIA. | ||
| 245 | _aIndia 1996 a reference annual. | ||
| 260 |
_aNew Delhi. _bMinistry of Information & Broadcasting Govt Of India., _c1997 |
||
| 300 | _a733 | ||
| 650 | _aIndia | ||
| 690 | _aSerials | ||
| 906 | _a052573 | ||
| 999 |
_c101208 _d101208 |
||